000 00548nam a2200193Ia 4500
003 GCL
008 140319s9999 xx 000 0 ara d
040 _aGCL /
_cGCL
082 0 4 _a595.799
_bن ع
100 1 _aعبدالخالق وفا (مراجعه)
245 1 0 _aعالم النحل /
_cعبدالخالق وفا (مراجعه)
700 1 _aنكسون , جلبرت
700 1 _aعلى على المرسى
300 _a215 ص
490 _aالالف كتاب
_v0
650 0 4 _aالحشرات
650 0 4 _aالنحل
942 _2ddc
_cBK
999 _c45325
_d45325